000 00662nam a2200277Ia 4500
005 20250425162314.0
008 250425s9999 xx 000 0 und d
020 _a844980230X
041 _aspa
082 _a551.5
100 _aIRIBARNE, J. V.
245 0 _aTERMODINAMICA DE LA ATMOSFERA
250 _a1A ED.
260 _aEspaƱa
_bMINISTERIO DE MEDIO AMBIENTE
_c1996
260 _aMADRID
300 _a295
650 _aAGUA
650 _aAIRE
650 _aPRIMER PRINCIPIO
650 _aPROCESOS
650 _aSEGUNDO PRINCIPIO
700 _aGODSON, W. L.
710 _aMINISTERIO DE MEDIO AMBIENTE
942 _c01
010 _a60507
999 _c226512
_d226512